Indénombrables anglais (dont l'équivalent français est soit dénombrable soit pluriel) - Statistiques

Statistiques générales
  • Ce quiz a été pris 60 fois
  • Le résultat moyen est 13 sur 66
Statistiques - réponses
Réponse % Correct
bread
62%
news
59%
advice
50%
furniture
47%
hair
47%
information
44%
luggage
44%
baggage
35%
fruit
32%
money
29%
wear
29%
abuse
26%
cloth
26%
traffic
26%
weather
26%
accommodation
24%
advertising
24%
assistance
24%
blame
24%
expenditure
24%
rubbish
24%
evidence
21%
garbage
21%
land
21%
leisure
21%
lightning
21%
rain
21%
spaghetti
21%
thunder
21%
toast
21%
youth
21%
behaviour
18%
blasphemy
18%
clothing
18%
country
18%
dust
18%
equipment
18%
knowledge
18%
luck
18%
poetry
18%
refuse
18%
scenery
18%
spinach
18%
verse
18%
applause
15%
blackmail
15%
damage
15%
labour
15%
work
15%
business
12%
currency
12%
help
12%
transport
12%
waste
12%
praise
6%
soap
6%
travel
6%
grass
3%
laughter
3%
nonsense
3%
permission
3%
progress
3%
music
0%
produce
0%
remorse
0%
smoke
0%
Aucun quiz correspondant
Distribution des résultats
% des personnes avec chaque résultat
Percentile par nombre de réponses
Votre historique - résultats
Vous n’avez pas pris ce quiz